000 01098 a2200289 4500
999 _c8442
_d8442
020 _a9781455728657 (hbk.)
020 _a1455728659 (hbk.)
050 0 0 _aRC261 CLI 2014
100 1 _aNiederhuber, John E.,
_eauthor.
245 1 0 _aAbeloff's clinical oncology /
_cby John E. Niederhuber, James O. Armitage, James H. Doroshow, Michael B. Kastan, Joel E. Tepper.
250 _aFifth edition.
264 1 _aPhiladelphia, Pennsylvania :
_bElsevier,
_c2014.
264 4 _c♭2014
300 _axxxiv, 2186 p. :
_bill. (some col.) ;
500 _aIncludes Internet access.
500 _aPrevious ed.: Edinburgh: Churchill Livingstone, 2008.
504 _aIncludes bibliographical referenecs and index.
650 0 _aOncology.
650 0 _aCancer.
700 1 _aArmitage, James O.,
_d1946-
_eauthor.
700 1 _aDoroshow, James H.,
_eauthor.
700 1 _aKastan, M. B.
_q(Michael B.),
_eauthor.
700 1 _aTepper, Joel E.,
_eauthor.
700 1 _aAbeloff, Martin D.
_tClinical oncology.
942 _2lcc
_cBK
_h261
_iCLI
_kRC